00918nam a2200289 a 4500003000900000005001700009008004100026020001800067040001300085245010800098250001200206260003300218300001900251490003000270500004200300650003000342650002500372650003000397650002600427653002300453700003300476700002400509700002600533700002300559700002500582700002100607AR-BaBNM20251128210550.0082120s2002 ||||||||||||||000 | spa|| a950-12-2152-0 cAR-BaBNM00aEl asesor pedagógico en la universidadbde la teoría pedagógica a la práctica en la formación a1ª ed. aBuenos AiresbPaidósc2000 a167 p.btablas 0aPaidós educadorvv. 152 aContiene referencias bibliográficas 4aENSEÑANZA UNIVERSITARIA 4aASESORES PEDAGOGICOS 4aPROFESORES UNIVERSITARIOS 4aFORMACION DE DOCENTES aEDUCACION SUPERIOR1 aLucarelli, Elisaecompilador1 aNepomneschi, Martha1 aAbal de Hevia, Isabel1 aDonato, María E.1 aFinkelstein, Claudia1 aFaranda, Claudia